Roma (Record no. 110925)

MARC details
000 -LEADER
campo de control de longitud fija 00630nam a2200181 4500
001 - NÚMERO DE CONTROL
campo de control 110925
003 - IDENTIFICADOR DE NÚMERO DE CONTROL
campo de control ES-MaACL
005 - FECHA Y HORA DE LA ÚLTIMA TRANSACCIÓN
campo de control 20230906185214.0
007 - CAMPO FIJO DE DESCRIPCIÓN FÍSICA--INFORMACIÓN GENERAL
campo de control de longitud fija t|
008 - DATOS DE LONGITUD FIJA--INFORMACIÓN GENERAL
campo de control de longitud fija 061121s1960 sp r ||||1| spa d
100 1# - ENTRADA PRINCIPAL--NOMBRE DE PERSONA
Nombre de persona Nack, Emil.
9 (RLIN) 84785
245 10 - MENCIÓN DEL TÍTULO
Título Roma
Resto del título : el país y el pueblo de los antiguos romanos /
Mención de responsabilidad, etc. Emil Nack y Wilhelm Wagner ; traducción del alemán por Juan Godo Costa.
260 ## - PUBLICACIÓN, DISTRIBUCIÓN, ETC.
Lugar de publicación, distribución, etc. Barcelona [etc.] :
Nombre del editor, distribuidor, etc. Labor,
Fecha de publicación, distribución, etc. 1960.
300 ## - DESCRIPCIÓN FÍSICA
Extensión 627 p. 1 lám I-LXII . 3 map. col. pleg. :
Otras características físicas il ;
Dimensiones 22 cm.
700 1# - ENTRADA AGREGADA--NOMBRE PERSONAL
Nombre de persona Wagner, Wilhelm.
9 (RLIN) 115855
700 1# - ENTRADA AGREGADA--NOMBRE PERSONAL
Nombre de persona Godo Costa, Juan.
9 (RLIN) 57532
852 ## - LOCALIZACIÓN
Ubicación ES-MaACL
Número de control de estantería C-18325
Sublocalización o colección R.46216
Holdings
Estatus retirado Estado de pérdida Estado de daño No para préstamo Biblioteca de origen Biblioteca actual Ubicación en estantería Fecha de adquisición Fuente de adquisición Total de préstamos Signatura topográfica completa Código de barras Visto por última vez Precio de reemplazo Tipo de ítem Koha
        Biblioteca del Ateneo de Madrid Biblioteca del Ateneo de Madrid Galería 17/01/2008     C-18325 1115737 23/02/2023 23/02/2023 Libro impreso